[Event "Lozovatsky memorial 2018"]
[Site "?"]
[Date "2018.01.11"]
[Round "3.1"]
[White "Gutenev, Alexander"]
[Black "Bezgodov, Alexei"]
[Result "1/2-1/2"]
[BlackElo "2482"]
[WhiteElo "2485"]
[LiveChessVersion "1.4.8"]

1. e4 {[%clk 1:30:58]} e5 {[%clk 1:30:54]} 2. Nf3 {[%clk 1:31:10]} Nc6
{[%clk 1:31:10]} 3. Bb5 {[%clk 1:31:09]} a6 {[%clk 1:31:30]} 4. Ba4
{[%clk 1:31:34]} Nf6 {[%clk 1:31:30]} 5. O-O {[%clk 1:31:55]} Be7
{[%clk 1:32:12]} 6. d3 {[%clk 1:29:18]} b5 {[%clk 1:32:16]} 7. Bb3
{[%clk 1:29:43]} d6 {[%clk 1:32:37]} 8. a3 {[%clk 1:29:33]} O-O {[%clk 1:31:30]}
9. Nc3 {[%clk 1:29:57]} Bg4 {[%clk 1:25:39]} 10. Be3 {[%clk 1:28:47]} Nd4
{[%clk 1:25:39]} 11. Bxd4 {[%clk 1:29:12]} exd4 {[%clk 1:26:04]} 12. Nd5
{[%clk 1:29:21]} c5 {[%clk 1:10:11]} 13. Nxf6+ {[%clk 1:26:19]} Bxf6
{[%clk 1:10:39]} 14. a4 {[%clk 1:24:19]} Qb6 {[%clk 1:01:01]} 15. Bd5
{[%clk 1:17:17]} Rac8 {[%clk 0:58:13]} 16. axb5 {[%clk 1:12:16]} axb5
{[%clk 0:58:32]} 17. h3 {[%clk 0:43:09]} Bd7 {[%clk 0:57:22]} 18. Qd2
{[%clk 0:40:01]} Bc6 {[%clk 0:53:04]} 19. Qa5 {[%clk 0:37:26]} Qb7
{[%clk 0:52:54]} 20. Bxc6 {[%clk 0:36:20]} Qxc6 {[%clk 0:51:04]} 21. Qa6
{[%clk 0:35:46]} Qd7 {[%clk 0:28:15]} 22. Qa7 {[%clk 0:22:40]} Rc7
{[%clk 0:27:50]} 23. Qa2 {[%clk 0:22:34]} c4 {[%clk 0:25:45]} 24. Qa5
{[%clk 0:22:47]} h5 {[%clk 0:17:12]} 25. Rfe1 {[%clk 0:20:18]} Re8
{[%clk 0:15:18]} 26. Qb6 {[%clk 0:15:22]} Rb7 {[%clk 0:13:32]} 27. Qa6
{[%clk 0:15:29]} Qc7 {[%clk 0:12:52]} 28. Qa5 {[%clk 0:13:08]} Qc5
{[%clk 0:11:10]} 29. Qa3 {[%clk 0:13:21]} c3 {[%clk 0:08:15]} 30. bxc3
{[%clk 0:07:54]} dxc3 {[%clk 0:06:10]} 31. e5 {[%clk 0:07:15]} Qxa3
{[%clk 0:05:11]} 32. Rxa3 {[%clk 0:07:36]} b4 {[%clk 0:05:01]} 33. Rb3
{[%clk 0:05:47]} dxe5 {[%clk 0:05:17]} 34. Re4 {[%clk 0:06:14]} Ra8
{[%clk 0:05:05]} 35. Kf1 {[%clk 0:04:30]} Ra2 {[%clk 0:04:53]} 36. Rexb4
{[%clk 0:03:47]} Rxb4 {[%clk 0:05:09]} 37. Rxb4 {[%clk 0:04:15]} Rxc2
{[%clk 0:05:32]} 38. Rc4 {[%clk 0:04:35]} Kh7 {[%clk 0:04:45]} 39. Rc5
{[%clk 0:04:13]} Rb2 {[%clk 0:04:08]} 40. g4 {[%clk 0:03:41]} hxg4
{[%clk 0:03:57]} 41. hxg4 {[%clk 0:04:09]} Bd8 {[%clk 0:03:24]} 42. Rxc3
{[%clk 0:04:16]} Bb6 {[%clk 0:03:37]} 1/2-1/2

[Event "Lozovatsky memorial 2018"]
[Site "?"]
[Date "2018.01.11"]
[Round "3.2"]
[White "Sitnikov, Anton"]
[Black "Fakhrutdinov, Timur"]
[Result "0-1"]
[BlackElo "2417"]
[WhiteElo "2451"]
[LiveChessVersion "1.4.8"]

1. e4 {[%clk 1:29:24]} e5 {[%clk 1:30:54]} 2. Nf3 {[%clk 1:29:41]} Nc6
{[%clk 1:31:18]} 3. Bc4 {[%clk 1:29:55]} Bc5 {[%clk 1:31:40]} 4. c3
{[%clk 1:30:13]} Nf6 {[%clk 1:32:00]} 5. d3 {[%clk 1:30:35]} d6 {[%clk 1:32:24]}
6. Nbd2 {[%clk 1:30:16]} a6 {[%clk 1:30:06]} 7. Bb3 {[%clk 1:30:24]} O-O
{[%clk 1:28:05]} 8. h3 {[%clk 1:19:28]} Ba7 {[%clk 1:26:51]} 9. O-O
{[%clk 1:15:39]} Be6 {[%clk 1:26:59]} 10. Ba4 {[%clk 1:12:42]} Ne7
{[%clk 1:17:53]} 11. Re1 {[%clk 0:38:07]} Ng6 {[%clk 0:58:47]} 12. Nf1
{[%clk 0:36:30]} Nh5 {[%clk 0:47:01]} 13. d4 {[%clk 0:17:09]} Nhf4
{[%clk 0:46:51]} 14. Ng3 {[%clk 0:15:42]} exd4 {[%clk 0:28:21]} 15. cxd4
{[%clk 0:10:25]} d5 {[%clk 0:27:40]} 16. Be3 {[%clk 0:03:18]} dxe4
{[%clk 0:26:56]} 17. Nxe4 {[%clk 0:03:41]} Bd5 {[%clk 0:26:05]} 18. Nc3
{[%clk 0:02:20]} Nxg2 {[%clk 0:21:55]} 19. Bg5 {[%clk 0:01:20]} Bxf3
{[%clk 0:20:17]} 20. Bxd8 {[%clk 0:01:47]} Bxd1 {[%clk 0:20:31]} 21. Rexd1
{[%clk 0:02:15]} Raxd8 {[%clk 0:19:28]} 22. Kxg2 {[%clk 0:02:44]} Bxd4
{[%clk 0:19:09]} 23. Bc2 {[%clk 0:01:02]} Nf4+ {[%clk 0:16:11]} 24. Kg3
{[%clk 0:00:50]} Be5 {[%clk 0:14:50]} 25. Kg4 {[%clk 0:00:55]} Ne6
{[%clk 0:13:54]} 26. Be4 {[%clk 0:00:32]} f5+ {[%clk 0:13:57]} 0-1

[Event "Lozovatsky memorial 2018"]
[Site "?"]
[Date "2018.01.11"]
[Round "3.4"]
[White "Gnusarev, Pavel"]
[Black "Kholopov, Alexander A"]
[Result "1/2-1/2"]
[BlackElo "2305"]
[WhiteElo "2294"]
[LiveChessVersion "1.4.8"]

1. d4 {[%clk 1:30:56]} f5 {[%clk 1:30:34]} 2. Nc3 {[%clk 1:30:45]} d5
{[%clk 1:30:59]} 3. Bf4 {[%clk 1:31:01]} Nf6 {[%clk 1:31:03]} 4. e3
{[%clk 1:30:32]} e6 {[%clk 1:31:13]} 5. Nb5 {[%clk 1:29:44]} Na6 {[%clk 1:31:18]}
6. c4 {[%clk 1:29:17]} Bb4+ {[%clk 1:17:40]} 7. Nc3 {[%clk 1:29:23]} c5
{[%clk 1:17:32]} 8. Bd3 {[%clk 1:12:36]} Qa5 {[%clk 1:13:11]} 9. Nge2
{[%clk 1:10:11]} dxc4 {[%clk 1:13:18]} 10. Bxc4 {[%clk 1:10:14]} b5
{[%clk 1:13:39]} 11. Bb3 {[%clk 1:03:08]} c4 {[%clk 1:14:05]} 12. Bc2
{[%clk 1:03:01]} Bb7 {[%clk 1:14:30]} 13. O-O {[%clk 0:57:25]} O-O
{[%clk 1:11:32]} 14. a3 {[%clk 0:48:33]} Be7 {[%clk 1:11:38]} 15. Bg3
{[%clk 0:40:56]} Nc7 {[%clk 1:01:05]} 16. Qb1 {[%clk 0:20:46]} 1/2-1/2

[Event "Lozovatsky memorial 2018"]
[Site "?"]
[Date "2018.01.11"]
[Round "3.5"]
[White "Frolov, Ivan"]
[Black "Tologontegin, Semetey"]
[Result "1/2-1/2"]
[BlackElo "2409"]
[WhiteElo "2286"]
[LiveChessVersion "1.4.8"]

1. Nf3 {[%clk 1:30:39]} g6 {[%clk 1:30:36]} 2. g3 {[%clk 1:29:38]} Bg7
{[%clk 1:30:42]} 3. Bg2 {[%clk 1:30:01]} e5 {[%clk 1:30:02]} 4. e4
{[%clk 1:28:57]} Nc6 {[%clk 1:29:54]} 5. d3 {[%clk 1:25:03]} Nge7
{[%clk 1:28:55]} 6. c4 {[%clk 1:24:34]} O-O {[%clk 1:26:55]} 7. Nc3
{[%clk 1:12:43]} d6 {[%clk 1:26:40]} 8. h3 {[%clk 0:53:29]} f5 {[%clk 1:12:31]}
9. Bg5 {[%clk 0:52:56]} h6 {[%clk 1:12:26]} 10. Bxe7 {[%clk 0:52:29]} Nxe7
{[%clk 1:08:37]} 11. Qd2 {[%clk 0:44:40]} Be6 {[%clk 1:08:20]} 12. Nh4
{[%clk 0:32:39]} c6 {[%clk 1:05:53]} 13. O-O-O {[%clk 0:27:22]} Rb8
{[%clk 1:04:58]} 14. exf5 {[%clk 0:23:11]} gxf5 {[%clk 1:03:56]} 15. g4
{[%clk 0:23:32]} f4 {[%clk 1:02:55]} 16. Rhg1 {[%clk 0:23:07]} Kh8
{[%clk 1:00:15]} 17. Qe2 {[%clk 0:18:38]} Qe8 {[%clk 0:49:26]} 18. d4
{[%clk 0:13:21]} Bg8 {[%clk 0:38:39]} 19. d5 {[%clk 0:12:55]} Bf6
{[%clk 0:38:04]} 20. Nf5 {[%clk 0:12:24]} Nxf5 {[%clk 0:35:12]} 21. gxf5
{[%clk 0:12:50]} e4 {[%clk 0:30:17]} 22. Qxe4 {[%clk 0:11:26]} Be5
{[%clk 0:29:54]} 23. Qd3 {[%clk 0:06:30]} b5 {[%clk 0:29:51]} 24. dxc6
{[%clk 0:04:54]} bxc4 {[%clk 0:24:35]} 25. Qc2 {[%clk 0:05:21]} Bh7
{[%clk 0:22:48]} 26. Be4 {[%clk 0:05:36]} Rb6 {[%clk 0:23:04]} 27. f3
{[%clk 0:03:24]} Rxc6 {[%clk 0:20:57]} 28. f6 {[%clk 0:01:57]} Bxe4
{[%clk 0:17:50]} 29. Qxe4 {[%clk 0:01:00]} Bxf6 {[%clk 0:08:47]} 30. Qg6
{[%clk 0:00:35]} Qxg6 {[%clk 0:07:59]} 31. Rxg6 {[%clk 0:01:01]} Kh7
{[%clk 0:08:18]} 32. Rg2 {[%clk 0:01:27]} Rb8 {[%clk 0:06:44]} 33. Rd5
{[%clk 0:00:44]} Bxc3 {[%clk 0:01:55]} 34. bxc3 {[%clk 0:01:11]} Rcb6
{[%clk 0:02:23]} 35. Rc2 {[%clk 0:01:38]} Rb1+ {[%clk 0:02:49]} 36. Kd2
{[%clk 0:02:06]} Re8 {[%clk 0:03:15]} 37. Rc1 {[%clk 0:01:45]} Rxc1
{[%clk 0:02:24]} 38. Kxc1 {[%clk 0:02:10]} Re3 {[%clk 0:02:51]} 39. Rxd6
{[%clk 0:02:19]} Rxc3+ {[%clk 0:02:30]} 40. Kd2 {[%clk 0:02:33]} Rxf3
{[%clk 0:02:48]} 41. a4 {[%clk 0:02:07]} Rxh3 {[%clk 0:02:58]} 42. Ke2
{[%clk 0:01:30]} c3 {[%clk 0:01:54]} 43. Rd7+ {[%clk 0:01:50]} Kg6
{[%clk 0:02:20]} 44. Rxa7 {[%clk 0:02:16]} Kf5 {[%clk 0:01:05]} 45. a5
{[%clk 0:02:42]} Ke4 {[%clk 0:01:02]} 46. Re7+ {[%clk 0:03:04]} Kd4
{[%clk 0:01:30]} 47. a6 {[%clk 0:02:29]} Rh2+ {[%clk 0:01:50]} 48. Kf3
{[%clk 0:02:34]} Ra2 {[%clk 0:02:13]} 49. a7 {[%clk 0:02:53]} c2 {[%clk 0:02:18]}
50. Rc7 {[%clk 0:02:34]} Kd3 {[%clk 0:02:40]} 51. Rd7+ {[%clk 0:02:55]} Kc3
{[%clk 0:03:05]} 52. Rc7+ {[%clk 0:03:19]} Kb2 {[%clk 0:01:17]} 53. Rb7+
{[%clk 0:03:41]} Ka1 {[%clk 0:01:05]} 54. Rc7 {[%clk 0:04:03]} Kb1
{[%clk 0:00:41]} 55. Rb7+ {[%clk 0:04:27]} Ka1 {[%clk 0:00:42]} 56. Rc7
{[%clk 0:04:53]} Kb2 {[%clk 0:01:09]} 57. Rb7+ {[%clk 0:05:18]} Kc3
{[%clk 0:01:33]} 58. Rc7+ {[%clk 0:05:43]} Kd2 {[%clk 0:01:47]} 59. Rd7+
{[%clk 0:06:09]} Kc1 {[%clk 0:00:42]} 60. Kxf4 {[%clk 0:06:19]} Kb1
{[%clk 0:00:36]} 61. Rb7+ {[%clk 0:06:44]} Ka1 {[%clk 0:00:41]} 62. Rc7
{[%clk 0:07:07]} Kb1 {[%clk 0:00:40]} 63. Rb7+ {[%clk 0:07:33]} Rb2
{[%clk 0:01:00]} 64. Rxb2+ {[%clk 0:07:58]} Kxb2 {[%clk 0:01:27]} 65. a8=Q
{[%clk 0:08:22]} c1=Q+ {[%clk 0:01:54]} 66. Kg4 {[%clk 0:08:38]} Qg5+
{[%clk 0:02:13]} 67. Kh3 {[%clk 0:08:56]} Qe3+ {[%clk 0:01:38]} 68. Kg2
{[%clk 0:09:01]} Qe2+ {[%clk 0:01:25]} 69. Kg3 {[%clk 0:09:23]} Qe1+
{[%clk 0:01:36]} 70. Kg2 {[%clk 0:09:48]} Qd2+ {[%clk 0:01:57]} 71. Kg3
{[%clk 0:10:08]} Qd6+ {[%clk 0:01:55]} 72. Kg2 {[%clk 0:10:27]} Qd2+
{[%clk 0:00:57]} 73. Kg3 {[%clk 0:10:50]} Qg5+ {[%clk 0:01:23]} 74. Kh3
{[%clk 0:11:09]} Qh5+ {[%clk 0:01:30]} 75. Kg3 {[%clk 0:11:27]} Qe5+
{[%clk 0:01:57]} 76. Kf3 {[%clk 0:11:34]} h5 {[%clk 0:01:33]} 77. Qe4
{[%clk 0:11:51]} Qf6+ {[%clk 0:01:05]} 78. Qf4 {[%clk 0:12:09]} Qg6
{[%clk 0:00:40]} 79. Qg3 {[%clk 0:11:55]} Qc6+ {[%clk 0:00:51]} 80. Kf2
{[%clk 0:12:17]} Kc2 {[%clk 0:00:57]} 81. Qg2 {[%clk 0:12:19]} Qc5+
{[%clk 0:00:43]} 82. Kg3+ {[%clk 0:12:39]} Kc3 {[%clk 0:00:50]} 83. Qf3+
{[%clk 0:13:02]} Kb4 {[%clk 0:00:57]} 84. Kh4 {[%clk 0:13:26]} Qe5
{[%clk 0:00:31]} 85. Qxh5 {[%clk 0:13:41]} Qh2+ 1/2-1/2

[Event "Lozovatsky memorial 2018"]
[Site "?"]
[Date "2018.01.11"]
[Round "3.6"]
[White "Mischuk, Dmitry"]
[Black "Remizov, Yaroslav"]
[Result "1/2-1/2"]
[BlackElo "2322"]
[WhiteElo "2382"]
[LiveChessVersion "1.4.8"]

1. d4 {[%clk 1:28:44]} d5 {[%clk 1:30:58]} 2. Nf3 {[%clk 1:29:03]} Nf6
{[%clk 1:31:10]} 3. c4 {[%clk 1:29:21]} e6 {[%clk 1:31:33]} 4. Nc3
{[%clk 1:27:03]} c6 {[%clk 1:31:57]} 5. Bg5 {[%clk 1:27:29]} dxc4
{[%clk 1:32:01]} 6. e4 {[%clk 1:27:44]} b5 {[%clk 1:32:28]} 7. e5
{[%clk 1:27:42]} h6 {[%clk 1:32:54]} 8. Bh4 {[%clk 1:27:55]} g5 {[%clk 1:33:13]}
9. Nxg5 {[%clk 1:28:08]} hxg5 {[%clk 1:33:35]} 10. Bxg5 {[%clk 1:28:33]} Be7
{[%clk 1:29:49]} 11. exf6 {[%clk 1:26:08]} Bxf6 {[%clk 1:30:15]} 12. Bxf6
{[%clk 1:26:12]} Qxf6 {[%clk 1:30:44]} 13. g3 {[%clk 1:26:10]} Bb7
{[%clk 1:25:35]} 14. Bg2 {[%clk 1:24:27]} Na6 {[%clk 1:25:29]} 15. Nxb5
{[%clk 1:11:20]} O-O-O {[%clk 1:21:39]} 16. Qa4 {[%clk 0:59:08]} cxb5
{[%clk 1:21:15]} 17. Bxb7+ {[%clk 0:59:33]} Kxb7 {[%clk 1:21:40]} 18. Qxb5+
{[%clk 0:59:58]} Ka8 {[%clk 1:22:05]} 19. Qc6+ {[%clk 0:59:53]} Kb8
{[%clk 1:22:31]} 20. Qb5+ {[%clk 0:59:37]} Ka8 {[%clk 1:22:46]} 21. Qc6+
{[%clk 0:59:50]} 1/2-1/2

[Event "Lozovatsky memorial 2018"]
[Site "?"]
[Date "2018.01.11"]
[Round "3.7"]
[White "Matsenko, Andrei"]
[Black "Kazantsev, Nikita"]
[Result "1-0"]
[BlackElo "2141"]
[WhiteElo "2285"]
[LiveChessVersion "1.4.8"]

1. d4 {[%clk 1:30:57]} Nf6 {[%clk 1:29:30]} 2. c4 {[%clk 1:31:19]} g6
{[%clk 1:29:57]} 3. Nc3 {[%clk 1:31:46]} Bg7 {[%clk 1:30:24]} 4. e4
{[%clk 1:32:14]} d6 {[%clk 1:30:45]} 5. Be2 {[%clk 1:32:40]} O-O {[%clk 1:30:55]}
6. Be3 {[%clk 1:33:07]} c5 {[%clk 1:20:00]} 7. d5 {[%clk 1:32:05]} a6
{[%clk 1:18:50]} 8. Nf3 {[%clk 1:30:01]} b5 {[%clk 1:13:30]} 9. cxb5
{[%clk 1:21:45]} axb5 {[%clk 1:10:12]} 10. e5 {[%clk 1:17:17]} Ng4
{[%clk 1:02:36]} 11. exd6 {[%clk 1:10:30]} Nxe3 {[%clk 0:43:50]} 12. fxe3
{[%clk 1:10:29]} exd6 {[%clk 0:36:41]} 13. Bxb5 {[%clk 1:10:14]} Qb6
{[%clk 0:30:24]} 14. Qe2 {[%clk 1:03:17]} Ba6 {[%clk 0:25:45]} 15. Bxa6
{[%clk 0:53:46]} Nxa6 {[%clk 0:24:48]} 16. O-O {[%clk 0:52:28]} Rfe8
{[%clk 0:16:41]} 17. Rab1 {[%clk 0:42:44]} Bd4 {[%clk 0:11:31]} 18. Nd1
{[%clk 0:35:25]} Nb4 {[%clk 0:09:51]} 19. Qd2 {[%clk 0:35:37]} Bg7
{[%clk 0:06:33]} 20. a3 {[%clk 0:35:54]} Na6 {[%clk 0:06:42]} 21. Qd3
{[%clk 0:33:43]} c4 {[%clk 0:06:04]} 22. Qxc4 {[%clk 0:33:08]} Rac8
{[%clk 0:06:30]} 23. Qf4 {[%clk 0:31:43]} f5 {[%clk 0:05:59]} 24. Ng5
{[%clk 0:30:17]} Nc7 {[%clk 0:03:46]} 25. Qf3 {[%clk 0:17:27]} h6
{[%clk 0:03:29]} 26. Nh3 {[%clk 0:15:53]} Re4 {[%clk 0:02:01]} 27. Nf4
{[%clk 0:15:54]} Kh7 {[%clk 0:01:34]} 28. Nxg6 {[%clk 0:16:10]} Rg4
{[%clk 0:00:42]} 29. Qxf5 {[%clk 0:16:23]} Rxg6 {[%clk 0:01:07]} 30. Qxc8
{[%clk 0:16:49]} Nxd5 {[%clk 0:01:07]} 31. Qh3 {[%clk 0:16:24]} Qb3
{[%clk 0:00:36]} 32. Qf3 {[%clk 0:16:23]} Kh8 {[%clk 0:00:38]} 33. Qe4
{[%clk 0:16:20]} Rg5 {[%clk 0:00:47]} 34. Rc1 {[%clk 0:16:46]} Nf6
{[%clk 0:01:02]} 35. Rc8+ {[%clk 0:16:33]} Ng8 {[%clk 0:01:28]} 36. Qc4
{[%clk 0:16:58]} 1-0

[Event "Lozovatsky memorial 2018"]
[Site "?"]
[Date "2018.01.11"]
[Round "3.8"]
[White "Radzhabov, Rodion"]
[Black "Chos, Alexey"]
[Result "0-1"]
[BlackElo "2317"]
[WhiteElo "2314"]
[LiveChessVersion "1.4.8"]

1. e4 {[%clk 1:30:57]} c5 {[%clk 1:28:36]} 2. Nf3 {[%clk 1:31:15]} a6
{[%clk 1:28:59]} 3. c3 {[%clk 1:30:43]} e6 {[%clk 1:29:19]} 4. d4
{[%clk 1:31:00]} cxd4 {[%clk 1:29:43]} 5. cxd4 {[%clk 1:31:28]} Nf6
{[%clk 1:29:11]} 6. Bd3 {[%clk 1:28:53]} d5 {[%clk 1:28:32]} 7. e5
{[%clk 1:25:56]} Nfd7 {[%clk 1:26:55]} 8. Nc3 {[%clk 1:22:42]} Nc6
{[%clk 1:27:05]} 9. O-O {[%clk 1:22:30]} Be7 {[%clk 1:26:45]} 10. a3
{[%clk 1:13:39]} b5 {[%clk 1:26:41]} 11. Qc2 {[%clk 1:00:24]} Qb6
{[%clk 1:26:50]} 12. Be3 {[%clk 1:00:18]} h6 {[%clk 1:26:30]} 13. Rac1
{[%clk 0:42:28]} Bb7 {[%clk 1:26:09]} 14. Ne2 {[%clk 0:38:15]} Na5
{[%clk 1:23:09]} 15. Bd2 {[%clk 0:33:19]} Rc8 {[%clk 1:22:12]} 16. Qb1
{[%clk 0:31:34]} Nc4 {[%clk 1:22:24]} 17. Bb4 {[%clk 0:29:10]} a5
{[%clk 1:22:33]} 18. Bxe7 {[%clk 0:29:22]} Kxe7 {[%clk 1:23:01]} 19. a4
{[%clk 0:26:23]} bxa4 {[%clk 1:21:43]} 20. Bxc4 {[%clk 0:23:43]} Rxc4
{[%clk 1:21:52]} 21. Rxc4 {[%clk 0:24:04]} dxc4 {[%clk 1:22:20]} 22. Nd2
{[%clk 0:24:16]} Qb4 {[%clk 1:22:28]} 23. Qc2 {[%clk 0:18:13]} Nb6
{[%clk 1:21:55]} 24. Ra1 {[%clk 0:11:09]} Rb8 {[%clk 1:20:39]} 25. h4
{[%clk 0:07:56]} Kf8 {[%clk 1:19:15]} 26. Ra3 {[%clk 0:04:26]} Kg8
{[%clk 1:19:11]} 27. Rg3 {[%clk 0:03:13]} Nd5 {[%clk 1:15:45]} 28. Ne4
{[%clk 0:02:27]} Qe7 {[%clk 1:14:02]} 29. Qxa4 {[%clk 0:00:51]} Qxh4
{[%clk 1:13:32]} 30. Nc5 {[%clk 0:00:41]} c3 {[%clk 1:07:16]} 31. Nxc3
{[%clk 0:00:37]} Nxc3 {[%clk 1:07:33]} 32. Rxc3 {[%clk 0:00:37]} Bd5
{[%clk 1:07:44]} 33. Rd3 {[%clk 0:00:31]} Rxb2 {[%clk 1:07:55]} 0-1